Online
Catalog

Memoria de gobierno / (Record no. 18586)

MARC details
000 -CABECERA
campo de control de longitud fija 01008cam a2200217 a 4500
001 - NÚMERO DE CONTROL
campo de control 000019068
005 - FECHA Y HORA DE LA ÚLTIMA TRANSACCIÓN
campo de control 20200929165920.0
008 - DATOS DE LONGITUD FIJA--INFORMACIÓN GENERAL
campo de control de longitud fija 721129s1947 sp 000 0 spa d
040 ## - FUENTE DE LA CATALOGACIÓN
Centro catalogador/agencia de origen DO-SdBNP
Lengua de catalogación spa
Centro/agencia transcriptor BNPHU
082 ## - NÚMERO DE LA CLASIFICACIÓN DECIMAL DEWEY
Número de clasificación xx
Número de documento/Ítem xx
100 1# - ENTRADA PRINCIPAL--NOMBRE DE PERSONA
Nombre de persona Pezuela, Joaquín de la,
Títulos y otros términos asociados al nombre Virrey del Perú,
Fechas asociadas al nombre 1816-1821.
9 (RLIN) 41022
245 10 - MENCIÓN DE TÍTULO
Título Memoria de gobierno /
Mención de responsabilidad, etc. Joaquín de la Pezuela ; edición y prólogo Vicente Rodríguez Casado y Guillermo Lohmann Villena.
260 ## - PUBLICACIÓN, DISTRIBUCIÓN, ETC.
Lugar de publicación, distribución, etc. Sevilla :
Nombre del editor, distribuidor, etc. Escuela de Estudios Hispano-Americanos,
Fecha de publicación, distribución, etc. 1947.
300 ## - DESCRIPCIÓN FÍSICA
Extensión xlvi, 912 p. :
Otras características físicas il. ;
Dimensiones 21 cm.
490 1# - MENCIÓN DE SERIE
Mención de serie Publicaciones de la Escuela de Estudios Hispano-Americanos de Sevilla,
Designación de volumen o secuencia 26
490 1# - MENCIÓN DE SERIE
Mención de serie Memorias, relaciones y viajes,
Designación de volumen o secuencia 3
651 #0 - PUNTO DE ACCESO ADICIONAL DE MATERIA--NOMBRE GEOGRÁFICO
Nombre geográfico Peru
Subdivisión general Politics And Government
Subdivisión cronológica 1548-1820.
9 (RLIN) 41023
700 1# - PUNTO DE ACCESO ADICIONAL--NOMBRE DE PERSONA
Nombre de persona Rodríguez Casado, Vicente,
Término indicativo de función/relación ed.
9 (RLIN) 41024
700 1# - PUNTO DE ACCESO ADICIONAL--NOMBRE DE PERSONA
Nombre de persona Lohmann Villena, Guillermo,
Término indicativo de función/relación ed.
9 (RLIN) 3144
830 #0 - PUNTO DE ACCESO ADICIONAL DE SERIE-TÍTULO UNIFORME
Título uniforme Publicaciones de la Escuela de Estudios Hispano-Americanos de Sevilla ;
Designación de volumen o secuencia 26
Nombre de parte o sección de la obra Memorias, relaciones y viajes,
Designación de volumen o secuencia 3
9 (RLIN) 41025
Holdings
Estado de retiro Estado de pérdida Restricciones de uso No para préstamo Código de colección Localización permanente Ubicación/localización actual Ubicación en estantería Fecha de adquisición Número de inventario Total de préstamos Signatura topográfica completa Código de barras Fecha visto por última vez Precio válido a partir de Tipo de ítem Koha
        Monografías: Libros y Folletos General General En catalogación 25.05.2010 LF1   xx xx 19068-10 25.06.2020 25.06.2020 Préstamo en sala

Powered by Koha